| 000 | 00517nam a2200157Ia 4500 | ||
|---|---|---|---|
| 008 | 170221s9999 xx 000 0 und d | ||
| 100 | _aDaoxu Zhang. | ||
| 245 | _aTwo-Hop Co-Located Robust Precoding Design in Radio SWIPT Relay Networks | ||
| 245 | _cDaoxu Zhang, Meng Zhang, Li Li, and Hanwen Luo. | ||
| 260 | _bJournal of Communications | ||
| 260 | _c2015 | ||
| 300 | _a35 : 8 | ||
| 650 | _xCommunication | ||
| 650 | _xMedia Arts | ||
| 856 | _uhttp://www.jocm.us/index.php?m=content&c=index&a=lists&catid=159 | ||
| 999 |
_c310720 _d310720 |
||